[Event "Sparkassen-Open B"]
[Site "Heusenstamm, Martinsee"]
[Date "2017.11.25"]
[Round "5.10"]
[White "Schwenk, Stefan"]
[Black "Kiel, Gerhard"]
[Result "1-0"]
[WhiteElo "1727"]
[BlackElo "1571"]
[PlyCount "114"]
[EventDate "2017.??.??"]
[WhiteTeam "TuS Dotzheim"]
[BlackTeam "vereinslos"]

1. c4 g6 2. g3 Bg7 3. Bg2 Nf6 4. Nc3 d6 5. e3 O-O 6. Nge2 Nbd7 7. O-O c5 8. Rb1
Ne5 9. d3 Bf5 10. e4 Bd7 11. f4 Nc6 12. a3 Ng4 13. h3 Nh6 14. Kh2 f5 15. b4 e6
16. b5 Nd4 17. Bb2 Qe7 18. a4 Bf6 19. Bc1 Qg7 20. Qd2 Be8 21. e5 Bd8 22. Nxd4
cxd4 23. Ne2 Bb6 24. exd6 Bc5 25. Bb2 Rd8 26. Rbe1 Rxd6 27. Ng1 Qc7 28. Nf3 Nf7
29. Re2 Bd7 30. Rfe1 a5 31. Qc1 h6 32. Ne5 Kh7 33. Ba3 Bc8 34. Qb2 Rdd8 35.
Bxc5 Qxc5 36. Nf3 Rfe8 37. Ne5 Nd6 38. Rb1 Re7 39. Nf3 Nf7 40. Ra1 e5 41. fxe5
Nxe5 42. Nxe5 Rde8 43. Bd5 Rxe5 44. Rae1 Rxe2+ 45. Rxe2 Rxe2+ 46. Qxe2 Qf8 47.
Kg2 h5 48. Qe5 Qg7 49. Qxg7+ Kxg7 50. Kf3 g5 51. h4 b6 52. hxg5 Kg6 53. Kf4 Bd7
54. Bf3 Bc8 55. Ke5 Kxg5 56. Kxd4 f4 57. gxf4+ Kh4 1-0

[Event "Sparkassen-Open B"]
[Site "Heusenstamm, Martinsee"]
[Date "2017.11.25"]
[Round "5.12"]
[White "Hofmann, Werner"]
[Black "John, Volkmar"]
[Result "1/2-1/2"]
[WhiteElo "1624"]
[BlackElo "1796"]
[PlyCount "82"]
[EventDate "2017.??.??"]
[WhiteTeam "SV Kelsterbach"]
[BlackTeam "SK Herborn"]

1. d4 d5 2. e3 Nf6 3. Bd3 e6 4. c3 Be7 5. f4 O-O 6. Nf3 b6 7. Qe2 Bb7 8. O-O c5
9. Ne5 Ne4 10. Bxe4 dxe4 11. Nd2 Nd7 12. Nxd7 Qxd7 13. Kh1 cxd4 14. exd4 f5 15.
Rg1 Rac8 16. Nf1 Bf6 17. Be3 Kh8 18. g4 g6 19. g5 Bg7 20. h4 Kg8 21. Rg2 b5 22.
a3 Bd5 23. Qd2 Qb7 24. Kg1 a5 25. b4 a4 26. Rc1 Rc7 27. Qb2 Rfc8 28. Nd2 Bc4
29. Nxc4 Rxc4 30. Rgc2 R8c6 31. Kf2 Qc7 32. Kg3 Kf7 33. Qa1 h6 34. Qb2 hxg5 35.
hxg5 Qc8 36. Kg2 Qb7 37. Kg3 Rc8 38. Qa1 Rh8 39. Rh1 Rcc8 40. Rxh8 Rxh8 41. Qc1
Rc8 1/2-1/2

[Event "Sparkassen-Open B"]
[Site "Heusenstamm, Martinsee"]
[Date "2017.11.25"]
[Round "5.13"]
[White "Kail, Thomas"]
[Black "Lanz, Udo"]
[Result "0-1"]
[WhiteElo "1598"]
[BlackElo "1782"]
[PlyCount "84"]
[EventDate "2017.??.??"]
[WhiteTeam "SK Klingenberg"]
[BlackTeam "VSG Offenbach"]

1. e4 c5 2. Nc3 Nc6 3. Nf3 g6 4. d4 cxd4 5. Nxd4 Bg7 6. Be3 Nf6 7. Be2 O-O 8.
Nxc6 bxc6 9. O-O d6 10. f3 Qa5 11. Qd2 Be6 12. a3 c5 13. Nd1 Qxd2 14. Bxd2 Nd7
15. Bc3 Ne5 16. f4 Nc6 17. Bxg7 Kxg7 18. b3 Rac8 19. Ne3 Nd4 20. Bd3 f6 21. Rf2
Rb8 22. Bc4 Bf7 23. Bxf7 Kxf7 24. Nc4 Rfd8 25. a4 e6 26. Rd1 h5 27. Rfd2 Ke7
28. Kf2 Rd7 29. Na5 Rc8 30. c3 Nc6 31. Nxc6+ Rxc6 32. Ra2 Rb7 33. Ra3 Rcb6 34.
Rb1 a5 35. Ke3 d5 36. exd5 exd5 37. g3 Kd6 38. Kd2 c4 39. Kc2 Kc5 40. Re1 Rxb3
41. Ra2 Kd6 42. Re8 Re7 0-1

[Event "Sparkassen-Open B"]
[Site "Heusenstamm, Martinsee"]
[Date "2017.11.25"]
[Round "5.14"]
[White "Kohn, Matthias"]
[Black "Lehmann, Nils"]
[Result "1-0"]
[WhiteElo "1739"]
[BlackElo "1524"]
[PlyCount "71"]
[EventDate "2017.??.??"]
[WhiteTeam "SF Mahndorf"]
[BlackTeam "SV Lahn Limburg"]

1. c4 e5 2. g3 Nf6 3. Bg2 Bc5 4. Nc3 c6 5. Nf3 d6 6. d3 Nbd7 7. O-O Nf8 8. Bg5
h6 9. Bxf6 Qxf6 10. Ne4 Qe7 11. Nxc5 dxc5 12. Qc2 Ne6 13. e3 Qd6 14. Rad1 O-O
15. Qc3 f6 16. d4 cxd4 17. exd4 e4 18. Nh4 f5 19. d5 Ng5 20. dxc6 Qxc6 21. Rfe1
f4 22. Rd4 f3 23. Bf1 Re8 24. c5 Kh8 25. Rd6 Qc7 26. Rxh6+ Kg8 27. Bc4+ Be6 28.
Bxe6+ Nxe6 29. Rg6 Rad8 30. Nf5 Rd7 31. Qc4 Qe5 32. Nd6 Ree7 33. Rxe4 Qxb2 34.
Rgxe6 Qa1+ 35. Re1 Qb2 36. Rxe7+ 1-0

[Event "Sparkassen-Open B"]
[Site "Heusenstamm, Martinsee"]
[Date "2017.11.25"]
[Round "5.15"]
[White "Popp, Johann"]
[Black "Mügendt, Brian Christopher"]
[Result "0-1"]
[WhiteElo "1561"]
[BlackElo "1732"]
[PlyCount "45"]
[EventDate "2017.??.??"]
[WhiteTeam "SG Rödermark"]
[BlackTeam "SC Heusenstamm"]

1. d4 d5 2. Nf3 Nf6 3. Bf4 c6 4. e3 e6 5. Be2 Be7 6. h3 Nbd7 7. Nbd2 O-O 8. O-O
b6 9. c4 Bb7 10. Rc1 c5 11. Re1 cxd4 12. exd4 Rc8 13. b3 Bb4 14. Bd3 Re8 15.
Bg5 h6 16. Bh4 dxc4 17. bxc4 Bxf3 18. gxf3 Nc5 19. Bxf6 Qxf6 20. dxc5 Qg5+ 21.
Kh1 Bxd2 22. Rg1 Qh4 23. Rg4 0-1

[Event "Sparkassen-Open B"]
[Site "Heusenstamm, Martinsee"]
[Date "2017.11.25"]
[Round "5.16"]
[White "Giebitz, Walter"]
[Black "Hambel, Christoph"]
[Result "0-1"]
[WhiteElo "1483"]
[BlackElo "1679"]
[PlyCount "56"]
[EventDate "2017.??.??"]
[WhiteTeam "SC Steinbach"]
[BlackTeam "Bad Vilbeler Sfr"]

1. e4 c5 2. Bc4 Nc6 3. Nf3 e6 4. O-O a6 5. d3 b5 6. Bb3 Bb7 7. a4 d6 8. Nc3 b4
9. Ne2 Nf6 10. h3 Be7 11. Nf4 Qd7 12. Ng5 Nd4 13. Bc4 d5 14. exd5 exd5 15. Ba2
O-O 16. Nf3 Nxf3+ 17. Qxf3 Qxa4 18. Re1 Qd7 19. Bd2 Bd6 20. g4 d4 21. Qd1 Qc7
22. Qc1 Qc6 23. f3 Qxf3 24. Rf1 Qh1+ 25. Kf2 Qh2+ 26. Ke1 Rae8+ 27. Kd1 Bxf4
28. Bxf4 Qe2# 0-1

[Event "Sparkassen-Open B"]
[Site "Heusenstamm, Martinsee"]
[Date "2017.11.25"]
[Round "5.17"]
[White "Burow, Roger"]
[Black "Werner, Rosalie"]
[Result "1/2-1/2"]
[WhiteElo "1708"]
[BlackElo "1494"]
[PlyCount "68"]
[EventDate "2017.??.??"]
[WhiteTeam "SV Kelsterbach"]
[BlackTeam "VSG Offenbach"]

1. e4 d5 2. exd5 Qxd5 3. Nc3 Qd6 4. d4 c6 5. Nf3 Nf6 6. h3 e6 7. Bd3 Nbd7 8.
O-O Be7 9. Re1 Nd5 10. Ne4 Qc7 11. c3 N7f6 12. Qc2 h6 13. Ne5 Bd7 14. a3 Nxe4
15. Bxe4 Bd6 16. Bf3 Nf6 17. b3 c5 18. Nxd7 Nxd7 19. d5 e5 20. c4 O-O 21. Be4
Nf6 22. Bf5 Rab8 23. Re3 b5 24. Qd3 a6 25. Qd2 e4 26. g3 Be5 27. Bb2 Bxb2 28.
Qxb2 bxc4 29. b4 cxb4 30. axb4 Nxd5 31. Rxe4 Nxb4 32. Qc3 g6 33. Rxc4 Qb6 34.
Be4 f5 1/2-1/2

[Event "Sparkassen-Open B"]
[Site "Heusenstamm, Martinsee"]
[Date "2017.11.25"]
[Round "5.18"]
[White "Bahr, Arne"]
[Black "Edenhäuser, Hermann"]
[Result "1/2-1/2"]
[WhiteElo "1681"]
[BlackElo "1419"]
[PlyCount "30"]
[EventDate "2017.??.??"]
[WhiteTeam "SG Turm Kiel"]
[BlackTeam "SC Heusenstamm"]

1. f4 d5 2. b3 Nc6 3. Nf3 Bf5 4. e3 e6 5. Bb5 a6 6. Bxc6+ bxc6 7. Bb2 Nf6 8.
O-O Bd6 9. d3 O-O 10. Qe1 Re8 11. Nbd2 Bg6 12. Ne5 c5 13. Nxg6 hxg6 14. Nf3 Nd7
15. Qg3 Qe7 1/2-1/2

[Event "Sparkassen-Open B"]
[Site "Heusenstamm, Martinsee"]
[Date "2017.11.25"]
[Round "5.19"]
[White "Skopp, Jonathan"]
[Black "Stork, Christopher"]
[Result "1/2-1/2"]
[WhiteElo "1218"]
[BlackElo "1664"]
[PlyCount "43"]
[EventDate "2017.??.??"]
[WhiteTeam "SV Empor Erfurt"]
[BlackTeam "SV Oberursel"]

1. d4 d5 2. Bf4 Nf6 3. Nf3 e6 4. e3 c5 5. c3 Nc6 6. Nbd2 Bd6 7. Ne5 Qc7 8. Ndf3
O-O 9. Bg3 Ne4 10. Nxc6 bxc6 11. Bxd6 Qxd6 12. Nd2 Nf6 13. Nf3 Rb8 14. Qc2 cxd4
15. cxd4 Bd7 16. Bd3 Rb6 17. O-O Rfb8 18. b3 Rc8 19. Rfc1 Qa3 20. Ne5 h6 21.
Qc5 Qxc5 22. Rxc5 1/2-1/2

[Event "Sparkassen-Open B"]
[Site "Heusenstamm, Martinsee"]
[Date "2017.11.25"]
[Round "5.20"]
[White "Policarpo, Raphael"]
[Black "Eckhoff, Mathias"]
[Result "1/2-1/2"]
[WhiteElo "1633"]
[BlackElo "1393"]
[PlyCount "78"]
[EventDate "2017.??.??"]
[WhiteTeam "SC Heusenstamm"]
[BlackTeam "SK Hungen"]

1. e4 e6 2. d4 d5 3. exd5 exd5 4. c4 dxc4 5. Bxc4 Qe7+ 6. Ne2 Qb4+ 7. Nd2 Nf6
8. Qb3 Qxb3 9. Bxb3 Bd6 10. Nf3 h6 11. Nc3 Nc6 12. Nb5 Bg4 13. Nxd6+ cxd6 14.
Be3 Bxf3 15. gxf3 O-O 16. Ke2 Rfe8 17. Kd2 a6 18. Rhg1 Kh8 19. Bxf7 Rf8 20. Be6
Rae8 21. Bg4 Nxg4 22. fxg4 d5 23. b3 g5 24. Rab1 b5 25. b4 Rb8 26. Rgf1 a5 27.
a3 axb4 28. axb4 Ra8 29. Kc3 Ra3+ 30. Rb3 Ra4 31. f4 Kg7 32. f5 Kf6 33. h4 Re8
34. hxg5+ hxg5 35. Rf3 Rc8 36. Kb2 Nxb4 37. Rh3 Rc2+ 38. Kb1 Rca2 39. Rxb4 Ra1+
1/2-1/2

[Event "Sparkassen-Open B"]
[Site "Heusenstamm, Martinsee"]
[Date "2017.11.25"]
[Round "5.21"]
[White "Al-Butmeh, Firas"]
[Black "Werner, Tom"]
[Result "1/2-1/2"]
[WhiteElo "1325"]
[BlackElo "1627"]
[PlyCount "73"]
[EventDate "2017.??.??"]
[WhiteTeam "SV Lahn Limburg"]
[BlackTeam "VSG Offenbach"]

1. e4 e6 2. d4 d5 3. exd5 exd5 4. Nf3 Bd6 5. Bd3 Nf6 6. O-O O-O 7. h3 Be6 8.
Be3 Nbd7 9. Nbd2 c6 10. b3 Qc7 11. Ng5 h6 12. Nxe6 fxe6 13. Nf3 e5 14. dxe5
Nxe5 15. Be2 Ne4 16. Bd4 b6 17. c4 dxc4 18. Nxe5 Bxe5 19. Bxc4+ Kh8 20. Bxe5
Qxe5 21. Qe2 Qe8 22. Rae1 Nd6 23. Qxe8 Rfxe8 24. Rxe8+ Rxe8 25. Bd3 Kg8 26. f4
Kf7 27. f5 Kf6 28. g4 Nb7 29. Kf2 Nc5 30. Bc2 Kg5 31. Kg3 Re3+ 32. Rf3 Rxf3+
33. Kxf3 Kh4 34. Kf4 Nd7 35. Be4 c5 36. Bc6 Nf6 37. Bg2 1/2-1/2

[Event "Sparkassen-Open B"]
[Site "Heusenstamm, Martinsee"]
[Date "2017.11.25"]
[Round "5.22"]
[White "Emig, Nils"]
[Black "Klein, Simon"]
[Result "1-0"]
[WhiteElo "1600"]
[BlackElo "1302"]
[PlyCount "65"]
[EventDate "2017.??.??"]
[WhiteTeam "SK Marburg"]
[BlackTeam "SK Hungen"]

1. d4 Nf6 2. c4 e6 3. Nc3 d5 4. Nf3 Nc6 5. Bf4 a6 6. a3 Ne7 7. Qc2 Ng6 8. Bd2
Be7 9. e3 O-O 10. Bd3 dxc4 11. Bxc4 b5 12. Bd3 Re8 13. O-O Bb7 14. e4 c5 15.
dxc5 Bxc5 16. Rac1 Rc8 17. Qb1 Rc6 18. Nxb5 axb5 19. Bxb5 Rc8 20. Bxe8 Bxe4 21.
Bxf7+ Kf8 22. Ng5 Bxf2+ 23. Rxf2 Bxb1 24. Nxe6+ Kxf7 25. Nxd8+ Rxd8 26. Rxb1
Kg8 27. Bg5 Rd6 28. Bxf6 gxf6 29. b4 Kg7 30. b5 Ne5 31. b6 Nd7 32. b7 Nb8 33.
Rc2 1-0

[Event "Sparkassen-Open B"]
[Site "Heusenstamm, Martinsee"]
[Date "2017.11.25"]
[Round "5.23"]
[White "Goodwin, David"]
[Black "Füssel, Jan Michael"]
[Result "0-1"]
[WhiteElo "1536"]
[BlackElo "1772"]
[PlyCount "112"]
[EventDate "2017.??.??"]
[WhiteTeam "SV Kelsterbach"]
[BlackTeam "VSG Offenbach"]

1. Nf3 d5 2. g3 Bf5 3. d3 Nf6 4. Bg2 e6 5. Nbd2 Bd6 6. O-O Nbd7 7. c4 c6 8. b3
O-O 9. Bb2 Re8 10. Nh4 Bg6 11. Nxg6 hxg6 12. cxd5 exd5 13. e4 dxe4 14. dxe4 Be5
15. Qc2 Bxb2 16. Qxb2 Ne5 17. Qc3 Qb6 18. Nc4 Nxc4 19. Qxc4 Rad8 20. Rad1 Ng4
21. Rxd8 Rxd8 22. Bf3 Ne5 23. Qe2 Rd3 24. Bg2 Qd4 25. Bh3 Rd2 26. Qe3 Qxe3 27.
fxe3 Rxa2 28. Bc8 b6 29. Bb7 c5 30. Bd5 Kf8 31. Rf4 Ke7 32. h4 f6 33. g4 Re2
34. g5 Rxe3 35. gxf6+ gxf6 36. Kf2 Rh3 37. Kg2 Rc3 38. h5 gxh5 39. Rh4 Ng6 40.
Rh1 Nf4+ 41. Kf2 Nxd5 42. exd5 Rxb3 43. Rxh5 a5 44. Ke2 a4 45. Kd2 b5 46. Kc2
c4 47. Rf5 a3 48. Rf1 b4 49. Ra1 Rh3 50. Re1+ Kd6 51. Re6+ Kxd5 52. Rxf6 b3+
53. Kc1 c3 54. Rf5+ Ke4 55. Rf1 a2 56. Re1+ Re3 0-1

[Event "Sparkassen-Open B"]
[Site "Heusenstamm, Martinsee"]
[Date "2017.11.25"]
[Round "5.24"]
[White "Baranyai-Molnar, Adam-Kristof"]
[Black "Mook, Karl-Jürgen"]
[Result "1-0"]
[WhiteElo "1715"]
[BlackElo "1529"]
[PlyCount "79"]
[EventDate "2017.??.??"]
[WhiteTeam "SF Neuberg"]
[BlackTeam "SC Sulzbach"]

1. e4 c5 2. Nf3 a6 3. d4 cxd4 4. Nxd4 Nf6 5. Nc3 e5 6. Nf3 Bb4 7. Bg5 Nc6 8.
Bc4 O-O 9. O-O b5 10. Bb3 Be7 11. Bxf6 Bxf6 12. Nd5 Bb7 13. c4 bxc4 14. Bxc4
Na5 15. Rc1 Rc8 16. b3 Nc6 17. Nxf6+ gxf6 18. Nh4 Ne7 19. Qg4+ Kh8 20. Nf5 Nxf5
21. Qxf5 d5 22. exd5 Bxd5 23. Bxd5 Rxc1 24. Rxc1 Qxd5 25. Qxf6+ Kg8 26. Qxa6
Qd2 27. Rf1 Re8 28. a4 Re6 29. Qa8+ Kg7 30. Qe4 Qc3 31. b4 Rg6 32. a5 Qh3 33.
Qxe5+ Kf8 34. g3 Qe6 35. Qxe6 Rxe6 36. b5 Re5 37. Rb1 Ke7 38. a6 Re4 39. b6 Ra4
40. b7 1-0

[Event "Sparkassen-Open B"]
[Site "Heusenstamm, Martinsee"]
[Date "2017.11.25"]
[Round "5.25"]
[White "Mehl, Ulrich"]
[Black "Ebeling, Gereon"]
[Result "1/2-1/2"]
[WhiteElo "1599"]
[BlackElo "1517"]
[PlyCount "46"]
[EventDate "2017.??.??"]
[WhiteTeam "Berkershm"]
[BlackTeam "SK Mainaschaff"]

1. d4 d5 2. c4 c6 3. cxd5 cxd5 4. Nc3 Nf6 5. Nf3 Bf5 6. Qb3 b6 7. Bf4 e6 8. Rc1
Nc6 9. Qa4 Qd7 10. e4 dxe4 11. Ne5 Nxe5 12. Bb5 Nd3+ 13. Kd2 Nxf4 14. Bxd7+
Nxd7 15. Nb5 Nd5 16. Nc7+ Nxc7 17. Rxc7 Rd8 18. Qxa7 Bb4+ 19. Ke3 Be7 20. Rd1
Bg5+ 21. Ke2 Bg4+ 22. f3 exf3+ 23. gxf3 Bf5 1/2-1/2

[Event "Sparkassen-Open B"]
[Site "Heusenstamm, Martinsee"]
[Date "2017.11.25"]
[Round "5.26"]
[White "Pohle, Saskia"]
[Black "Pomrehn, Ole Magnus"]
[Result "1/2-1/2"]
[WhiteElo "1497"]
[BlackElo "1512"]
[PlyCount "50"]
[EventDate "2017.??.??"]
[WhiteTeam "Muldental Wilkau-Haßlau"]
[BlackTeam "SF Schöneck"]

1. e4 d5 2. exd5 Qxd5 3. Nc3 Qa5 4. d4 c6 5. Nf3 Bg4 6. h3 Bh5 7. Bc4 Nf6 8.
O-O Nbd7 9. Qd3 Qc7 10. Re1 e6 11. Bb3 Bd6 12. Bg5 O-O 13. Ne4 Nxe4 14. Qxe4
Bg6 15. Qe2 h6 16. Bd2 Nf6 17. a3 Rfe8 18. Bc3 Nd5 19. Bxd5 cxd5 20. Rac1 a6
21. Ne5 Bxe5 22. dxe5 Rac8 23. Qe3 Qc5 24. Qf4 Qc4 25. Qd2 Qb5 1/2-1/2

[Event "Sparkassen-Open B"]
[Site "Heusenstamm, Martinsee"]
[Date "2017.11.25"]
[Round "5.27"]
[White "Strate, Wolfgang"]
[Black "Grabs, Peter"]
[Result "1-0"]
[WhiteElo "1602"]
[BlackElo "1481"]
[PlyCount "119"]
[EventDate "2017.??.??"]
[WhiteTeam "SC Eschbach"]
[BlackTeam "SC Empor Potsdam"]

1. d4 d5 2. e4 c6 3. Nc3 dxe4 4. Nxe4 Bf5 5. Ng3 Bg6 6. Nf3 Nd7 7. Bd3 Qc7 8.
O-O e6 9. Qe2 Bd6 10. Bd2 Ngf6 11. Rfe1 Nd5 12. Nf5 Nf4 13. Bxf4 Bxf4 14. g3
O-O 15. Ne7+ Kh8 16. Nxg6+ fxg6 17. gxf4 Qxf4 18. Ne5 Nxe5 19. dxe5 Qg5+ 20.
Kh1 Qh4 21. f3 Rf4 22. Qg2 Raf8 23. Re4 g5 24. Rg1 R8f5 25. Rxf4 Rxf4 26. Qxg5
Qxg5 27. Rxg5 Rxf3 28. Rg3 Rf2 29. Kg1 Rd2 30. Rf3 Rd1+ 31. Rf1 Rxf1+ 32. Kxf1
Kg8 33. Kf2 Kf7 34. Ke3 g5 35. Be4 h6 36. b4 a6 37. a4 h5 38. c4 g4 39. Kf4 b5
40. Bxc6 bxc4 41. Be4 c3 42. b5 axb5 43. axb5 Ke7 44. Kg5 Kd7 45. Kxh5 Kc7 46.
Kxg4 Kb6 47. Kg5 Kc5 48. Kf6 Kd4 49. Bg6 Kd5 50. b6 Kc6 51. Kxe6 Kxb6 52. Kd6
Kb5 53. e6 Kb4 54. e7 Kb3 55. e8=Q c2 56. Qb5+ Kc3 57. Bxc2 Kxc2 58. Qd5 Kc3
59. h4 Kb4 60. Qc5+ 1-0

[Event "Sparkassen-Open B"]
[Site "Heusenstamm, Martinsee"]
[Date "2017.11.25"]
[Round "5.28"]
[White "Bayer, Oliver"]
[Black "Kodalle, Dominik"]
[Result "1/2-1/2"]
[WhiteElo "1526"]
[BlackElo "1589"]
[PlyCount "85"]
[EventDate "2017.??.??"]
[WhiteTeam "SK Gründau"]
[BlackTeam "Aschaffenburg-Schweinheim"]

1. e4 c5 2. Nf3 Nc6 3. d4 cxd4 4. Nxd4 Nf6 5. Nc3 e5 6. Nf3 Bb4 7. Bd3 d5 8.
Bd2 Bxc3 9. Bxc3 dxe4 10. Bxe4 Nxe4 11. Qxd8+ Kxd8 12. Nxe5 Nxe5 13. Bxe5 Ke7
14. Bxg7 Rg8 15. Be5 f6 16. Bf4 Bf5 17. O-O Bh3 18. Bg3 Nxg3 19. fxg3 Bd7 20.
Rae1+ Kf7 21. Rf4 Rae8 22. Ref1 Rg6 23. Rd1 Bc6 24. b4 Re2 25. Rf2 Rxf2 26.
Kxf2 f5 27. c4 a6 28. Rd8 Rg4 29. b5 axb5 30. cxb5 Bxb5 31. Rd5 Bc6 32. Rxf5+
Kg6 33. Rc5 Ra4 34. a3 Rxa3 35. h4 Ra2+ 36. Kf1 Rxg2 37. Rxc6+ bxc6 38. Kxg2
Kf5 39. Kf3 c5 40. g4+ Ke5 41. h5 c4 42. g5 c3 43. Ke3 1/2-1/2

[Event "Sparkassen-Open B"]
[Site "Heusenstamm, Martinsee"]
[Date "2017.11.25"]
[Round "5.29"]
[White "Friedel, Thomas"]
[Black "Schwegler, Jelena"]
[Result "0-1"]
[WhiteElo "1582"]
[BlackElo "1462"]
[PlyCount "50"]
[EventDate "2017.??.??"]
[WhiteTeam "SV Groß-Gerau"]
[BlackTeam "SK Bad Homburg"]

1. e4 e5 2. Nf3 Nc6 3. Nc3 Nf6 4. Bc4 Nxe4 5. Bxf7+ Kxf7 6. Nxe4 Be7 7. d3 h6
8. Be3 d5 9. Ng3 Rf8 10. h3 Kg8 11. Qe2 a5 12. Bd2 Bf6 13. O-O-O b5 14. Nh5 b4
15. b3 a4 16. Kb1 axb3 17. cxb3 Ba6 18. Nxf6+ Qxf6 19. Qe3 Bb5 20. Qc5 Bxd3+
21. Kc1 e4 22. Bxb4 Nxb4 23. Qxb4 Rxa2 24. Nd4 Qxf2 25. Qc5 Ra1# 0-1

[Event "Sparkassen-Open B"]
[Site "Heusenstamm, Martinsee"]
[Date "2017.11.25"]
[Round "5.30"]
[White "Deutsch, Volker"]
[Black "Müller, Maximilian"]
[Result "0-1"]
[WhiteElo "1578"]
[BlackElo "1362"]
[PlyCount "84"]
[EventDate "2017.??.??"]
[WhiteTeam "SK Gründau"]
[BlackTeam "SC Eppelborn"]

1. e4 Nf6 2. e5 Nd5 3. d4 d6 4. c4 Nb6 5. exd6 cxd6 6. d5 g6 7. Qd4 f6 8. Nc3
Bg7 9. Bd3 O-O 10. Nf3 f5 11. Qe3 N8d7 12. O-O Ne5 13. b3 Ng4 14. Qd2 Ne5 15.
Bc2 Bd7 16. Re1 Re8 17. Nd4 a5 18. Bb2 a4 19. Qe3 axb3 20. axb3 Rxa1 21. Rxa1
Nbxc4 22. bxc4 Nxc4 23. Ne6 Nxe3 24. Nxd8 Nxc2 25. Rc1 Rxd8 26. Rxc2 Rc8 27. f4
b5 28. Rc1 b4 29. Nd1 Rxc1 30. Bxc1 Ba4 31. Nb2 Bxb2 32. Bxb2 Bb3 33. Kf2 Bxd5
34. g3 Kf8 35. Ke3 Ke8 36. Kd4 e6 37. Kd3 Kd7 38. Kd4 Kc6 39. Ba1 Kb5 40. Kd3
Be4+ 41. Kd4 Ka4 42. Kc4 Ka3 0-1

[Event "Sparkassen-Open B"]
[Site "Heusenstamm, Martinsee"]
[Date "2017.11.25"]
[Round "5.31"]
[White "Brunner, Andreas"]
[Black "Bär, Christian"]
[Result "0-1"]
[WhiteElo "1475"]
[BlackElo "1573"]
[PlyCount "46"]
[EventDate "2017.??.??"]
[WhiteTeam "Berkershm"]
[BlackTeam "SC Steinbach"]

1. d4 d5 2. c4 e6 3. Nf3 Nf6 4. Nc3 c5 5. Bf4 Nc6 6. e3 dxc4 7. Bxc4 cxd4 8.
exd4 Bb4 9. O-O O-O 10. a3 Bd6 11. Bxd6 Qxd6 12. Nb5 Qe7 13. Rc1 a6 14. Nc3 b5
15. Ba2 Bb7 16. Re1 Qd6 17. Ne4 Nxe4 18. Rxe4 Nb4 19. Bb1 Bxe4 20. Bxe4 Nd5 21.
Bxh7+ Kxh7 22. Ng5+ Kg6 23. Ne4 Qf4 0-1

[Event "Sparkassen-Open B"]
[Site "Heusenstamm, Martinsee"]
[Date "2017.11.25"]
[Round "5.33"]
[White "Hahnenstein, Leon"]
[Black "Adlhoch, Walter"]
[Result "1/2-1/2"]
[WhiteElo "1411"]
[BlackElo "1542"]
[PlyCount "72"]
[EventDate "2017.??.??"]
[WhiteTeam "SC Herborn"]
[BlackTeam "SK Schwandorf"]

1. e4 c5 2. Nf3 d6 3. Bc4 Nf6 4. d3 e6 5. c3 g6 6. Be3 d5 7. exd5 exd5 8. Bb3
b6 9. O-O Bg7 10. Nbd2 O-O 11. Re1 Ba6 12. Qc2 Qc7 13. c4 d4 14. Bg5 Nbd7 15.
Re2 Bb7 16. Rae1 Rfe8 17. Ba4 Bc6 18. Bxc6 Qxc6 19. Ne4 Nxe4 20. Rxe4 Rxe4 21.
Rxe4 Nf6 22. Bxf6 Bxf6 23. Qe2 Kf8 24. Ne5 Bxe5 25. Rxe5 Re8 26. Rxe8+ Qxe8 27.
Qd1 a6 28. h3 b5 29. b3 Qd8 30. a4 bxc4 31. bxc4 Qa5 32. Kf1 Qc3 33. Qb1 Kg7
34. g3 g5 35. Kg2 Qb4 36. Qd1 f6 1/2-1/2

[Event "Sparkassen-Open B"]
[Site "Heusenstamm, Martinsee"]
[Date "2017.11.25"]
[Round "5.34"]
[White "Wachsmann, Elmar"]
[Black "Hegmann, Kolja"]
[Result "0-1"]
[WhiteElo "1665"]
[BlackElo "1300"]
[PlyCount "116"]
[EventDate "2017.??.??"]
[WhiteTeam "SC Groß-Umstadt"]
[BlackTeam "TuS Makkabi"]

1. d4 d5 2. Nf3 Nf6 3. c4 e6 4. Nc3 Bb4 5. Bg5 Nc6 6. e3 O-O 7. Rc1 Qe7 8. Bd3
Rd8 9. O-O Bxc3 10. bxc3 e5 11. cxd5 Rxd5 12. dxe5 Nxe5 13. Bxf6 Nxf3+ 14. Qxf3
Qd6 15. Be4 Rb5 16. Bh4 Qh6 17. Bg3 c6 18. Rfd1 Be6 19. Rd2 Rf8 20. Rcd1 Qg5
21. h3 Ra5 22. Qe2 Ra4 23. Bf3 Bc4 24. Qe1 Qa5 25. Rb2 Qa6 26. Rd7 Rxa2 27.
Rdxb7 Ra1 28. Rb1 Rxb1 29. Qxb1 Bb5 30. Rd7 Qa5 31. Qb3 a6 32. Bd6 c5 33. Bxf8
Bxd7 34. Bxc5 Qxc5 35. Bd5 Be8 36. Be4 a5 37. Qc2 g6 38. Qb2 a4 39. Bd3 Bd7 40.
Kf1 a3 41. Qa1 Be6 42. Ke1 a2 43. Kd2 Kf8 44. Kc1 Qa3+ 45. Kd2 Ke7 46. Bf1 Qb3
47. Bd3 Kd6 48. Bc2 Qa3 49. Bd3 Kc5 50. Bc2 Bb3 51. Bd3 Qa8 52. f3 Qd5 53. Ke2
Bc4 54. Bxc4 Qxc4+ 55. Kd2 Qb3 56. Kc1 Kc4 57. Qb2 Qxc3+ 58. Kd1 Qxb2 0-1

[Event "Sparkassen-Open B"]
[Site "Heusenstamm, Martinsee"]
[Date "2017.11.25"]
[Round "5.35"]
[White "Uphoff, Jürgen"]
[Black "Löhr, Frank"]
[Result "0-1"]
[WhiteElo "1625"]
[BlackElo "1484"]
[PlyCount "58"]
[EventDate "2017.??.??"]
[WhiteTeam "vereinslos"]
[BlackTeam "SF Ötzingen"]

1. f4 d5 2. Nf3 Nf6 3. e3 c5 4. Nc3 Nc6 5. Ne2 Bg4 6. Ng3 Ne4 7. Be2 Nxg3 8.
hxg3 e6 9. b3 Be7 10. Kf2 Bf6 11. c3 a6 12. Nh2 Bxe2 13. Qxe2 d4 14. Ng4 dxe3+
15. Qxe3 Be7 16. Bb2 b6 17. c4 Nd4 18. Rad1 a5 19. Rh5 O-O 20. Bc3 f5 21. Ne5
Bf6 22. Bxd4 cxd4 23. Qe2 Bxe5 24. Qxe5 Rf6 25. Kf3 Rc8 26. g4 Rc5 27. Qe2
fxg4+ 28. Kxg4 Rg6+ 29. Kh3 Rxh5+ 0-1

[Event "Sparkassen-Open B"]
[Site "Heusenstamm, Martinsee"]
[Date "2017.11.25"]
[Round "5.36"]
[White "Sitta, Stefan"]
[Black "Kremenetskiy, Igor"]
[Result "1/2-1/2"]
[WhiteElo "1502"]
[BlackElo "1603"]
[PlyCount "34"]
[EventDate "2017.??.??"]
[WhiteTeam "Sfr. Stiller Zug"]
[BlackTeam "SF Heusenstamm"]

1. f4 Nf6 2. Nf3 d6 3. b3 g6 4. Bb2 Bg7 5. d3 O-O 6. e3 c6 7. Be2 Qb6 8. d4 Ng4
9. Qd2 Qc7 10. h3 Nf6 11. Bd3 b6 12. O-O Ba6 13. Bxa6 Nxa6 14. Qe1 Ne4 15. c3
e6 16. Nbd2 Nxd2 17. Nxd2 Nb8 1/2-1/2

[Event "Sparkassen-Open B"]
[Site "Heusenstamm, Martinsee"]
[Date "2017.11.25"]
[Round "5.37"]
[White "Ketting, Douwe"]
[Black "Jung, Kenny"]
[Result "1/2-1/2"]
[WhiteElo "1580"]
[BlackElo "1465"]
[PlyCount "29"]
[EventDate "2017.??.??"]
[WhiteTeam "SC Somborn"]
[BlackTeam "SF Schöneck"]

1. b4 c6 2. e3 Nf6 3. Nf3 d5 4. c4 e6 5. a3 a5 6. b5 dxc4 7. Bxc4 cxb5 8. Bxb5+
Bd7 9. Qa4 Bd6 10. O-O O-O 11. Bb2 Qb6 12. Nc3 Na6 13. d4 Bxb5 14. Qxb5 Qxb5
15. Nxb5 1/2-1/2

[Event "Sparkassen-Open B"]
[Site "Heusenstamm, Martinsee"]
[Date "2017.11.25"]
[Round "5.39"]
[White "El-Lawindy, Asem"]
[Black "Herdt, Werner"]
[Result "1-0"]
[WhiteElo "1562"]
[BlackElo "1425"]
[PlyCount "75"]
[EventDate "2017.??.??"]
[WhiteTeam "VSG Offenbach"]
[BlackTeam "SF Heusenstamm"]

1. e4 c5 2. Nf3 d6 3. d4 cxd4 4. Nxd4 Nf6 5. Nc3 a6 6. Bc4 e6 7. Bb3 Nc6 8. Be3
Be7 9. O-O O-O 10. h3 Nxd4 11. Bxd4 e5 12. Be3 Be6 13. Qe2 Qc7 14. Nd5 Bxd5 15.
exd5 Rac8 16. c4 Nd7 17. Rac1 Nc5 18. Bc2 a5 19. Qg4 Bf6 20. b3 Qe7 21. f4 e4
22. f5 Rfe8 23. Bh6 Bd4+ 24. Kh1 Qf6 25. Bg5 Qe5 26. f6 Rc7 27. Rf5 Qxf5 28.
Qxf5 Re5 29. Qg4 g6 30. Bf4 Rf5 31. Bxd6 Rd7 32. Bxc5 Bxc5 33. Qxe4 Rd8 34. Bd3
Rxf6 35. Rf1 Rxf1+ 36. Bxf1 Bd6 37. Qd4 Re8 38. c5 1-0